000 01142nam a2200277 a 4500
001 25697
003 CO-ViMGA
008 141112s2004 ck r 000 u spa d
020 _a9789587584110
040 _aCO-ViMGA
_bspa
_cCO-ViMGA
041 _aSPA
082 0 4 _aCo864.44 R61p
100 1 _aRocha Vivas, Miguel, 1976 -
_939578
245 1 0 _aPalabras mayores, palabras vivas :
_btradiciones mítico - literarias y escritores indígenas en Colombia /
_cMiguel Rocha Vivas
250 _a1a ed.
260 _aBogotá :
_bTaurus,
_c2012
300 _a284 p.
490 _aPensamiento
500 _aPremio Nacional de Investigación en Literatura. Incluye datos biográficos del autor en la solapa del libro. Incluye bibliografía y anexo : Cronología continental.
650 1 4 _aAUTORES INDIGENAS COLOMBIANOS - CRITICA E INTERPRETACIÓN
_939579
650 1 4 _aENSAYOS COLOMBIANOS
_91215
650 1 4 _aLITERATURA COLOMBIANA - HISTORIA CRITICA - SIGLOS XVI - XX
_939580
650 1 4 _aLITERATURA INDIGENA COLOMBIANA - HISTORIA Y CRITICA
_939581
650 1 4 _aLITERATURA INDIGENA COLOMBIANA - TEMAS, MOTIVOS
_939582
942 _2ddc
_cBK
999 _c5265
_d5265